00412nam a2200181Ia 4500008004100000020001400041050001400055100001800069245002800087245002100115260001500136260001600151260000900167300001600176300002000192300001000212500000800222170918s9999 xx 000 0 und d a439166233 bS121 1991 aSachar, Louis aDogs don't tell jokes / cby Louis Sachar. aNew York : bScholastic, c1991 a209 pages : billustrations ; c19cm. a560